Cosas de la ciencia
Saved in:
| Main Authors: | , |
|---|---|
| Format: | Bog |
| Sprog: | spansk |
| Udgivet: |
Ciudad de México
Fondo de Cultura Económica
1987
|
| Udgivelse: | 1a. ed |
| Serier: | Ciencia 21
|
| Fag: | |
| Tags: |
Tilføj Tag
Ingen Tags, Vær først til at tagge denne postø!
|
MARC
| LEADER | 00000nam a2200000 a 4500 | ||
|---|---|---|---|
| 001 | UCH6136 | ||
| 003 | CL-VaPUC | ||
| 008 | 091109e19870000MX |||||||||||||||||spa|d | ||
| 020 | |a 9681625366 | ||
| 082 | 0 | 4 | |a 500 |b RIO |2 21 |
| 100 | 0 | |a Río, Fernando del |e author |9 542518 | |
| 700 | 0 | |a Máximo, León |e author |9 542519 | |
| 245 | 1 | 0 | |a Cosas de la ciencia |
| 250 | |a 1a. ed | ||
| 300 | |a 134 p | ||
| 942 | |c BK | ||
| 945 | |d 20091109 00:00:00 |a ccalabra | ||
| 260 | |a Ciudad de México |b Fondo de Cultura Económica |c 1987 | ||
| 650 | 0 | |a Ciencia |9 255691 | |
| 650 | 7 | |a CIENCIAS EXACTAS |2 CL-VaPUC |9 542520 | |
| 650 | 0 | |a Electrodinámica |9 317185 | |
| 650 | 0 | |a Zoología |9 261613 | |
| 650 | 0 | |a Botánica |9 264202 | |
| 650 | 0 | |a Matemática |9 260235 | |
| 650 | 0 | |a Biología |9 262022 | |
| 650 | 0 | |a Física |9 227844 | |
| 650 | 0 | |a Química |9 259896 | |
| 650 | 0 | |a Ciencias de la vida |9 314137 | |
| 650 | 0 | |a Astronomía |9 260985 | |
| 583 | |a last modification |c 20091109 00:00:00 |k Rodrigo Vera | ||
| 490 | 0 | |a Ciencia 21 | |
| 999 | |c 337089 |d 337087 | ||